AU LIBRARIES
Centralized Library System Across Seven Campuses

Lesson Planning for Effective Learning (Record no. 47437)

MARC details
000 -LEADER
fixed length control field 00414nam a2200157 4500
005 - DATE AND TIME OF LATEST TRANSACTION
control field 20260430100926.0
008 - FIXED-LENGTH DATA ELEMENTS--GENERAL INFORMATION
fixed length control field 260430b |||||||| |||| 00| 0 eng d
020 ## - INTERNATIONAL STANDARD BOOK NUMBER
ISBN 9780335246915
082 ## - DEWEY DECIMAL CLASSIFICATION NUMBER
Classification number 371.3
Author Mark FAU-L
100 ## - MAIN ENTRY--AUTHOR
Author Name Fautley Martin ,Savage Jonathan
245 ## - TITLE STATEMENT
Title Lesson Planning for Effective Learning
260 ## - PUBLICATION, DISTRIBUTION, ETC.
Place of Publication New York
Name of publisher, distributor, etc. Library of Congress
300 ## - PHYSICAL DESCRIPTION
Pages 232p
650 ## - SUBJECT ADDED ENTRY--TOPICAL TERM
Subject / Department English
942 ## - ADDED ENTRY ELEMENTS (KOHA)
Koha item type Book
Holdings
Withdrawn status Lost status Damaged status Not for loan Collection code Permanent Location Current Location Shelving Location Date acquired Source of acquisition Inventory number Total Checkouts Full Call Number Accession No./Barcode Date last seen Koha item type
        English Air University H-11 Campus Islamabad Air University H-11 Campus Islamabad English Literature 04/27/2026 Ali Book Services AUH11-01   371.3 FAU-L AUHEP0071 04/30/2026 Book
Air University Sector E-9, Islamabad Pakistan
Email: librarian@au.edu.pk  Tel : +0092 51 9262612 Ext: 631